000 01236nam a2200349Ia 4500
001 4285
005 20260223163734.0
008 160601s2005 ck g 000 0 spa
020 _a9580421951
020 _a9789580421955
040 _aCO-BoRNBP
_bspa
_erda
_cCO-BoRNBP
084 _aN STE3
100 1 _aStendhal, Henry Beyle
_d1783-1842
_969142
245 1 0 _aRojo y negro
_cStendhal ; traducción Hernando Valencia Goelkel
250 _a1a. edición
_b1a. reimpresión
264 _aBogotá
_bNorma
_c2005
300 _a590, 75 páginas
_c22 cm
336 _atexto
_btxt
_2rdacontent
337 _asin mediación
_bn
_2rdamedia
338 _avolumen
_bnc
_2rdacarrier
490 _aColección Cara y Cruz
_pLiteratura
504 _aIncluye bibliografía
534 _tLe Rouge et le noir
600 1 _aStendhal
_d1783-1842
_xCrítica e interpretación
_969143
650 1 4 _2LEMB
_aNovela francesa
_ySiglo XIX
_92315
650 1 4 _2LEMB
_aLiteratura francesa
_ySiglo XIX
_92316
650 1 4 _2LEMB
_aProblemas sociales en la literatura
_9423
650 1 4 _2LEMB
_aAmbición en la literatura
700 1 _aValencia Goelkel, Hernando
_etraductor
_91300
740 _aA propósito de Stendhal y su obra
942 _2loc
_cBKLIT
999 _c4285
_d4285